Campeonato Brasileiro Serie A Teams Quiz - Statistics

General Stats
  • This quiz has been taken 395 times
  • The average score is 16 of 20
Answer Stats
Answer % Correct
Clube de Regatas do Flamengo
95%
SE Palmeiras
94%
Santos FC
91%
São Paulo FC
91%
SC Corinthians Paulista
89%
Clube Atlético Mineiro
87%
Fluminense FC
87%
Grêmio Foot-Ball Porto Alegrense
87%
SC Internacional
85%
Club Athletico Paranaense
80%
EC Bahia
78%
Fortaleza EC
75%
América Mineiro
73%
Ceará SC
70%
Cuiabá Esporte Clube
70%
Red Bull Bragantino
69%
Sport Club do Recife
69%
EC Juventude
65%
Atlético Clube Goianiense
58%
Associacão Chapecoense de Futebol
57%
No matching quizzes found
Score Distribution
Percent of People with Each Score
Percentile by Number Answered
Your Score History
You have not taken this quiz